000 00910nam a22002417i 4500
005 20251222121933.0
008 250906s2025 jo ||||gr|||| 00| 0 ara d
020 _a9789923323649
040 _aJO-AmGAM
_erda
082 1 4 _a362.8
_bك ر ا
100 1 _aكرادشة، منير عبدلله سلمان
_eمؤلف.
245 1 2 _aالعنف الأسري :
_bسوسيولوجية الرجل العنيف والمرأة المعنفة /
_cمنير عبد الله سلمان كرادشة.
250 _aالطبعة الأولى.
264 3 1 _aعمان :
_bدار يافا العلمية للنشر والتوزيع،
_c2025.
300 _a163 صفحة.
336 _2rdacontent
_aنص
_btxt
337 _2rdamedia
_aدون وسيط عرض
_bn
338 _2rdacarrier
_aمجلد
_bnc
650 1 7 _aالعنف الأسري.
650 1 7 _aالمرأة.
942 _2ddc
_cBK
999 _c247630
_d247630